Influence of integration with the European Union on economic transformations of farming in Poland on the example of Żnin Commune

The aim of this research is to present the transformations which have been taking place in the Polish agriculture on the example of the Żnin Commune, as well as define the influence of the European Union and its support programs on the range and pace of these changes. The survey was carried out in 2...

Teljes leírás

Elmentve itt :
Bibliográfiai részletek
Szerzők: Prus Piotr
Kaczmarek Michal
Dokumentumtípus: Cikk
Megjelent: 2012
Sorozat:Review on agriculture and rural development 1 No. 1
Kulcsszavak:Mezőgazdaság - Lengyelország
Tárgyszavak:
Online Access:http://acta.bibl.u-szeged.hu/30322
LEADER 02226nab a2200253 i 4500
001 acta30322
005 20240328141653.0
008 161017s2012 hu o 0|| eng d
022 |a 2063-4803 
040 |a SZTE Egyetemi Kiadványok Repozitórium  |b hun 
041 |a eng 
100 1 |a Prus Piotr 
245 1 0 |a Influence of integration with the European Union on economic transformations of farming in Poland on the example of Żnin Commune  |h [elektronikus dokumentum] /  |c  Prus Piotr 
260 |c 2012 
300 |a 26-31 
490 0 |a Review on agriculture and rural development  |v 1 No. 1 
520 3 |a The aim of this research is to present the transformations which have been taking place in the Polish agriculture on the example of the Żnin Commune, as well as define the influence of the European Union and its support programs on the range and pace of these changes. The survey was carried out in 2010, involving 172 owners of agricultural farms. A method of a survey was used. The results have been analyzed statistically. The surveys revealed that in the examined parish there were favorable conditions for the development of agriculture. This is largely connected with the increasing popularity of funds supporting transformations, the development of rural areas and active involvement of farmers in gaining this kind of support. In the future the transformation processes of farms will depend mainly on the course of changes in the European Union Common Agricultural Policy which is the main factor affecting the shape of this sector of economy. The course of change of rural areas and the future of farmers and their farms will depend on the form and quantity of support directed to rural areas. An important factor which affects shaping the transformation process will also be the awareness level of farm owners and their access to information. 
650 4 |a Mezőgazdaság-tudományok 
650 4 |a Mezőgazdaság, erdészet, halászat 
650 4 |a Társadalomtudományok 
650 4 |a Közgazdasági és gazdálkodástudományok 
695 |a Mezőgazdaság - Lengyelország 
700 0 1 |a Kaczmarek Michal  |e aut 
856 4 0 |u http://acta.bibl.u-szeged.hu/30322/1/agricul_review_2012_001_026-031.pdf  |z Dokumentum-elérés